| 000 | 01355nam a2200337Ia 4500 | ||
|---|---|---|---|
| 001 | ebr10380376 | ||
| 003 | CaPaEBR | ||
| 006 | m u | ||
| 007 | cr cn||||||||| | ||
| 008 | 061010s2006 ne s 001 0 eng d | ||
| 020 | _z9042020814 (pbk.) | ||
| 020 | _z9789042020818 | ||
| 040 |
_aCaPaEBR _cCaPaEBR |
||
| 035 | _a(OCoLC)86088372 | ||
| 050 | 1 | 4 |
_aRG155 _b.E38 2006eb |
| 245 | 0 | 0 |
_aEctogenesis _h[electronic resource] : _bartificial womb technology and the future of human reproduction / _cedited by Scott Gelfand and John R. Shook. |
| 260 |
_aAmsterdam : _bEditions Rodopi, B.V., _c2006. |
||
| 300 | _axii, 197 p. | ||
| 490 | 0 |
_aValue inquire book series ; _v184 |
|
| 500 | _a"A volume in Values in bioethics, ViB". | ||
| 500 | _aIncludes bibliographical references and index. | ||
| 533 |
_aElectronic reproduction. _bPalo Alto, Calif. : _cebrary, _d2010. _nAvailable via World Wide Web. _nAccess may be limited to ebrary affiliated libraries. |
||
| 650 | 0 |
_aGynecology _xResearch. |
|
| 650 | 0 |
_aHuman reproduction _xExperiments. |
|
| 650 | 0 |
_aObstetrics _xResearch. |
|
| 655 | 7 |
_aElectronic books. _2local |
|
| 700 | 1 | _aGelfand, Scott. | |
| 700 | 1 | _aShook, John R. | |
| 710 | 2 | _aebrary, Inc. | |
| 856 | 4 | 0 |
_uhttp://site.ebrary.com/lib/rucke/Doc?id=10380376 _zAn electronic book accessible through the World Wide Web; click to view |
| 999 |
_c207282 _d207282 |
||